Statistiken für Aktueller FC Basel Kader

Klicken Sie hier um das Quiz zu spielen!

Allgemein

  • Dieses Quiz wurde 45 mal gespielt
  • Das Durchschnittsergebnis liegt bei 12 aus 27

Antwortstatistiken

Nr.PositionAntwort% Korrekt
1TWMarwin Hitz
94%
34DMTaulant Xhaka
82%
20DMFabian Frei
76%
13TWMirko Salvi
76%
5RVMichael Lang
71%
9OMZeki Amdouni
62%
17MSAndi Zeqiri
53%
4IVArnau Comas
53%
16TWNils de Mol
53%
23ZMWouter Burger
53%
8ZMAndy Diouf
47%
27RFDan Ndoye
47%
22RVSergio López
44%
21IVAndy Pelmard
41%
10MSJean-Kévin Augustin
41%
15IVKasim Adams
41%
33LVRiccardo Calafiori
38%
7LFLiam Millar
35%
30LFAnton Kade
32%
14MSBradley Fink
24%
19OMDarian Males
24%
90LFHugo Novoa
24%
28LVHugo Vogel
21%
40ZMLiam Chipperfield
18%
18ZMEmmanuel Essiam
15%
26MSKaly Sène
12%
29OMAdriano Onyegbule
6%

Verteilung der Resultate

Perzentil nach korrekt beantworteten Fragen

Anzahl Personen mit jedem Resultat

Ihre Resultats-Entwicklung

Sie haben dieses Quiz noch nicht gespielt